000 00958nam a22002537a 4500
005 20170124103033.0
010 _aA-244416
020 _c30.00
035 _aA-244416
037 _bCen Lib/Ret
040 _aDPL
_bHN
082 _a
_bबटरो
100 _aबटरोही
_9500
245 _aसड़क का भूगोल /
_cबटरोही
246 _aSadak ka bhoogol /
_bby Batrohi
260 _aनयी दिल्ली
_bनेशनल पब्लिशिंग हाउस
_c1985
270 _a23, दरयागंज
_bनयी दिल्ली
_e110002
300 _a153पृ.
_c16सेमी (सजिल्द)
650 _aहिंदी साहित्य
_964363
650 _aहिंदी साहित्य
_xकहानियां
_964364
650 _aHindi literature
_964365
650 _aHindi literature
_xStories
_964366
942 _2ddc
_cHN
_h
_mबटरो
999 _c116009
_d116009